| 000 | 01074cab a2200217 4500 | ||
|---|---|---|---|
| 001 | WB4018-12 | ||
| 008 | 040512n2004 000 0 eng u | ||
| 035 | _a(Sirsi) u126169 | ||
| 245 | _aIndex offers deprivation detail | ||
| 260 | _c2004 | ||
| 490 |
_aPlanning (for the Natural and Built Environment) _v(1568) 7 May 2004,5(1) |
||
| 520 | _aThe indices for mapping deprivation across England have been revised to identify small areas of deprivation at a local level. The information will be used to support government policies and funding to improve the quality of life in disadvantaged communities. Includes information on living environment for the first time. The "English indices of deprivation 2004" can be viewed on the ODPM website, http://www.odpm.gov.uk/stellent/groups/odpm_contro l/documents/contentservertemplate/odpm_index.hcst? n=4610&l=3. | ||
| 590 | _aWB | ||
| 590 | _aWB | ||
| 650 | _aDEPRIVED AREAS | ||
| 650 | _aGOVERNMENT POLICY | ||
| 650 | _aSUSTAINABLE COMMUNITIES | ||
| 650 | _aLIVING ENVIRONMENT | ||
| 690 | _aREGENERATION | ||
| 942 | _n0 | ||
| 999 |
_c74394 _d74394 |
||